A history of Afro-Hispanic language : five centuries, five continents (Record no. 241676)

MARC details
000 -LEADER
fixed length control field 00746nam a2200229Ia 4500
008 - FIXED-LENGTH DATA ELEMENTS--GENERAL INFORMATION
fixed length control field 191130s2005##################000#0#eng##
020 ## - INTERNATIONAL STANDARD BOOK NUMBER
ISBN 9780521822657
082 ## - DEWEY DECIMAL CLASSIFICATION NUMBER
Classification number 462.496 LIP
100 ## - MAIN ENTRY--AUTHOR NAME
Personal name Lipski, John M
245 ## - TITLE STATEMENT
Title A history of Afro-Hispanic language : five centuries, five continents
Statement of responsibility, etc John M. Lipski
250 ## - EDITION STATEMENT
Edition statement 1st ed
260 ## - PUBLICATION, DISTRIBUTION, ETC. (IMPRINT)
Place of publication Cambridge
Name of publisher Cambridge Univeristy Press
Year of publication 2005
300 ## - PHYSICAL DESCRIPTION
Number of Pages x, 363 p. ; 24 cm
500 ## - GENERAL NOTE
General note Includes bibliographical references and index
650 ## - SUBJECT ADDED ENTRY--TOPICAL TERM
Topical Term African languages - Influence on Spanish
Topical Term Spanish language - Foreign elements - African
991 ## -
-- 415459
Holdings
Withdrawn status Lost status Damaged status Not for loan Home library Current library Date acquired Full call number Accession Number Price effective from Koha item type
        Anna Centenary Library Anna Centenary Library 13.10.2020 462.496 LIP 106418 13.10.2020 English Books

Find us on the map